000 00285nam a22001337a 4500
008 170919b xxu||||| |||| 00| 0 eng d
020 _a9780789499769
041 _aeng
080 _a77
100 _a44
101 _aART
245 _aDIGITAL PHOTOGRAPHY
_cANG.T
942 _2udc
_cBK
999 _c28244
_d28244